000 00291cam a2200109ua 4500
100 _aLalithambika, Antharjanam.
245 _aAgnisakshi /
_cLalithambika Antharjanam.
_hTextual Documents
260 _aTrissur :
_bCurrent Books ,
_c1962.
300 _a ; .
504 _a
999 _c13565
_d13565